| 000 | 01051cam a2200325 4500 | ||
|---|---|---|---|
| 999 |
_c129829 _d129829 |
||
| 001 | 1258597 | ||
| 003 | ARRUPE | ||
| 005 | 20190912111526.0 | ||
| 008 | 731019s1973 enkab b 001 0 eng | ||
| 010 | _a 73595644 | ||
| 015 | _aGB73-16026 | ||
| 020 | _a034005347X | ||
| 020 | _a0340053488 (pbk.) | ||
| 040 |
_aDLC _cDLC _dDLC |
||
| 050 | 1 | 0 |
_aRC961 _b.L93 |
| 060 | _aWC680 L933 s 1973 | ||
| 082 | 0 | 0 | _a614.4/0913 |
| 100 | 1 |
_aLucas, Adetokunbo O. _948118 |
|
| 245 | 1 | 2 |
_aA short textbook of preventive medicine for the tropics _c[by] Adetokunbo O. Lucas, Herbert M. Gilles. |
| 260 |
_aLondon, _bHodder and Stoughton, _c1973. |
||
| 300 |
_avii, 326 p. _billus., map. _c22 cm. |
||
| 350 | _a£3.25 | ||
| 490 | 0 | _aUniversity medical texts | |
| 504 | _aIncludes bibliographies and index. | ||
| 650 | 0 |
_aTropical medicine. _99195 |
|
| 650 | 0 |
_aTropics _xDiseases and hygiene _948119 |
|
| 700 | 1 |
_aGilles, H. M. _q(Herbert Michael), _d1921- _ejoint author. _948120 |
|
| 906 |
_a7 _bcbc _corignew _d3 _encip _f19 _gy-gencatlg |
||
| 942 |
_2lcc _cMONOGRAPH |
||